000 00674nam a2200241Ia 4500
003 OSt
005 20220912144852.0
006 a|||||r|||| 00| 0
007 ta
008 220909b |||||||| |||| 00| 0 eng d
024 _a75625
037 _cTextbook
040 _aCSL
_beng
_cCSL
041 _aeng
082 _aC21p1,N74, L5.2
111 _aInternational conference on surface science (1974 : Trieste)
245 0 _aProceeding on surface science
260 _aVienna
_bInternational Atomic Energy Agency
_c1975
300 _a302p.
_ccm.
650 _aSurface science
942 _hC21p1,N74, L5.2
_cTB
_2CC
999 _c17756
_d17756